000 02687nam a2200469 c 4500
003 BLK
005 20250802121900.0
008 180411b bul|||||r ||||||| ||bul||
010 _aKNG00178508000
020 _a978-954-320-461-8
_bиздат.: Рива
040 _aBLK
041 _aBUL
_cBUL
072 7 _2bullib
_aН37
_xОбразование. Педагогика Н
080 _aМетоди и форми на обучение. Вж и 371.64/.69
_b371.3
_x.015.3
_z371.3.015.3
080 _aВъзпитание на специални национални групи, на малцинства - Възпитание на расово и езиково различни групи, на неграмотни и др.
_b376.7
_x(497.2)
_z376.7(497.2)
080 _aБългарски език
_b811.163.2
_x(072)
_z811.163.2(072)
080 _aБългарска литература
_b821.163.2
_x(072)
_z821.163.2(072)
100 1 _aНешкова, Румяна
_eпърви автор
_gГеоргиева, Румяна Нешкова
_9382678
700 1 _aГеоргиева, Румяна Нешкова
_e*
_9338525
139 _aНешкова, Румяна
_bН 64
245 1 0 _aЕмоционалната компетентност на учениците
_bОбучението по бълг. ез. и лит. в мултикултурна среда в нач. етап на осн. образователна степен
_cРумяна Нешкова; * Румяна Нешкова Георгиева.
257 _aBGR
260 София
_bРива
_c2014
_fСофия : Булгед
300 _a168 с.
_bс диагр.
_c20 см
380 _a3
500 _aПълното име на авт. е Румяна Нешкова Георгиева. - Библиогр. с. 162-164.
650 4 _aУченици - психология
_9258191
650 4 _aМалцинства - образование и просвета - психологични проблеми
_9338526
650 4 _aБългарски език - методика на преподаването
_9262798
650 4 _aБългарска литература - методика на преподаване
_9330994
653 _aмалцинства
653 _aбългарски език
653 _aбългарска литература
653 _aметодика на преподаването
659 _aН
852 _aЦб 275530
856 4 _qpdf
_u
856 4 _qpdf
_u
942 _cKNG
_n0
_010
944 _aCR
_c20.07.2015
_lКръстинка Христова
_k30539
944 _aED
_c21.07.2015
_lф /
_kЛюдмила_Стоянова
999 _c170369
_d170369